|
|
|
|
| LEADER |
00969nam a2200241 a 4500 |
| 001 |
2523214 |
| 008 |
090616s1994 ilua b 001 0 eng d |
| 010 |
|
|
|a \\\93018311
|
| 020 |
|
|
|a 0256120722
|
| 040 |
|
|
|a DLC
|c DLC
|d DLC
|
| 082 |
0 |
0 |
|a 658.4/5
|2 20
|
| 100 |
1 |
|
|a Smeltzer, Larry R.
|
| 245 |
1 |
0 |
|a Managerial communication :
|b strategies and applications /
|c Larry R. Smeltzer, Donald J. Leonard.
|
| 260 |
|
|
|a Burr Ridge, Ill. :
|b Irwin,
|c c1994.
|
| 300 |
|
|
|a xxvi, 502 p. :
|b ill. ;
|c 25 cm.
|
| 504 |
|
|
|a Includes bibliographical references and index.
|
| 541 |
1 |
|
|e 00014824
|
| 650 |
|
0 |
|a Communication in management.
|
| 650 |
|
0 |
|a Business communication.
|
| 700 |
1 |
|
|a Leonard, Donald J.
|
| 852 |
4 |
|
|a Ayesha Abed Library
|j General shelf
|
| 999 |
|
|
|c 1374
|d 1374
|
| 952 |
|
|
|0 0
|1 0
|2 ddc
|4 0
|6 658_450000000000000_SME_1994
|7 0
|9 1255
|a BRACUL
|b BRACUL
|c GEN
|d 2009-06-25
|g 0.00
|l 5
|m 39
|o 658.45 SME
|p 3010014824
|r 2023-09-26
|s 2023-03-25
|t 1
|w 2009-06-25
|y BK
|x No price found in the accession register.
|